Sociologija

Recenzia publikácie Sociologija - Sociológia, Mostar, HKD Napredak 1995 - autor prof. Slavo Kukic. Je to pomerne rozsiahla publikácia, rozdelená do 11 kapitol. Autor analyzuje a zdôvodňuje súčasné spoločenské problémy. Pozornosť venuje teoretickým východiskám sociológie ako vednej disciplíny. Sociol...

Descrizione completa

Salvato in:
Dettagli Bibliografici
Autore principale: Szarková, Miroslava, 1951-
Natura: Capitolo di libro
Lingua:slovacco
Soggetti:
Tags: Aggiungi Tag
Nessun Tag, puoi essere il primo ad aggiungerne!!

MARC

LEADER 00000naa a2200000 4500
001 r026678
005 20240502071328.9
041 0 |a slo 
044 |a SK 
245 1 0 |a Sociologija  |c Miroslava Szarková 
520 |a Recenzia publikácie Sociologija - Sociológia, Mostar, HKD Napredak 1995 - autor prof. Slavo Kukic. Je to pomerne rozsiahla publikácia, rozdelená do 11 kapitol. Autor analyzuje a zdôvodňuje súčasné spoločenské problémy. Pozornosť venuje teoretickým východiskám sociológie ako vednej disciplíny. Sociologický, ekonomický a psychologický prístup autora. 
610 2 0 |a sociológia 
610 2 0 |a recenzie 
610 2 0 |a Kukic, S. 
610 2 0 |a problémy spoločenské 
610 2 0 |a spoločnosť 
610 2 0 |a Chorvátsko 
100 1 |a Szarková, Miroslava, 1951-